Welcome to WEB OPAC of MRSPTU Central Library

Engineeing Chemistry (Record no. 3803)

MARC details
000 -LEADER
fixed length control field 00341nam a2200145Ia 4500
008 - FIXED-LENGTH DATA ELEMENTS--GENERAL INFORMATION
fixed length control field 230711s9999||||xx |||||||||||||| ||und||
041 ## - LANGUAGE CODE
Language code of text/sound track or separate title ENG
082 ## - DEWEY DECIMAL CLASSIFICATION NUMBER
Classification number 540
Item number SH-E
100 ## - MAIN ENTRY--PERSONAL NAME
Personal name Sharma,Pardeep
245 #0 - TITLE STATEMENT
Title Engineeing Chemistry
250 ## - EDITION STATEMENT
Edition statement 1st Ed.
260 ## - PUBLICATION, DISTRIBUTION, ETC.
Date of publication, distribution, etc. 1999
Place of publication, distribution, etc. New Delhi
Name of publisher, distributor, etc. S.K Kataria & Sons
650 ## - SUBJECT ADDED ENTRY--TOPICAL TERM
Topical term or geographic name entry element Chemistry
942 ## - ADDED ENTRY ELEMENTS (KOHA)
Koha item type Book
Holdings
Withdrawn status Lost status Damaged status Not for loan Collection Home library Current library Date acquired Total checkouts Full call number Barcode Date last seen Date last checked out Price effective from Koha item type
          MRSPTU Central Library MRSPTU Central Library   1 540 SH-E 12879 12/12/2024 12/05/2024 08/17/2023 Book
          MRSPTU Central Library MRSPTU Central Library     540 SH-E 12880 08/17/2023   08/17/2023 Book
          MRSPTU Central Library MRSPTU Central Library     540 SH-E 12881 08/17/2023   08/17/2023 Book
          MRSPTU Central Library MRSPTU Central Library     540 SH-E 12882 08/17/2023   08/17/2023 Book

Website Designed and Developed by MRSPTU Central Library Team

E-mail Id: librarian@mrsptu.ac.in